| 000 | 00538nam a2200205Ia 4500 | ||
|---|---|---|---|
| 001 | a4679 | ||
| 003 | SIRSI | ||
| 008 | 120612s9999 xx 000 0 und d | ||
| 035 | _a(Sirsi) a4552 | ||
| 100 | 1 | _aAtout, Mamoon Mousa | |
| 245 | 1 | 0 | _aDoes Dubai Contractors Practice to Encourage Proper Competition on Track, Budget & Time |
| 260 |
_aEngland _bUniversity of Glamorgan _c1999 |
||
| 300 | _a239 | ||
| 500 | _a28.03.2012 | ||
| 500 | _aGift | ||
| 500 | _aPB | ||
| 500 | _aPhD, English | ||
| 650 | 1 | 0 | _aProject Management |
| 596 | _a1 | ||
| 999 |
_c18984 _d18984 |
||